Etil, a kazárok városa az urbanizáció kezdetei Volga-vidéken a középkorban /

Elmentve itt :
Bibliográfiai részletek
Szerző: Polgár Szabolcs
Dokumentumtípus: Cikk
Megjelent: 2011
Sorozat:Aetas 26 No. 3
Kulcsszavak:Történelemtudomány
Online Access:http://acta.bibl.u-szeged.hu/30919
LEADER 00635nab a2200181 i 4500
001 acta30919
005 20210422152755.0
008 161017s2011 hu o 0|| hun d
022 |a 0237-7934 
040 |a SZTE Egyetemi Kiadványok Repozitórium  |b hun 
041 |a hun 
100 1 |a Polgár Szabolcs 
245 1 0 |a Etil, a kazárok városa   |h [elektronikus dokumentum] :  |b az urbanizáció kezdetei Volga-vidéken a középkorban /  |c  Polgár Szabolcs 
260 |c 2011 
300 |a 50-67 
490 0 |a Aetas  |v 26 No. 3 
695 |a Történelemtudomány 
856 4 0 |u http://acta.bibl.u-szeged.hu/30919/1/aetas_2011_003_050-067.pdf  |z Dokumentum-elérés